000 00605nam a2200193 i 4500
001 56547
003 ES-MaACL
007 t|
008 031010s1973 ag ||||1| spa d
100 1 _aDilthey, Wilhelm.
_944818
245 1 0 _aSistema de la ética /
_cWilhelm Dilthey ; [traducida por Herbert Wolfgang Jung].
260 _aBuenos Aires :
_bNova,
_c[1973]
300 _a177 p. ;
_c20 cm.
490 1 _aLa vida del espíritu
700 1 _aJung, Herbert Wolfgang.
_967287
830 0 3 _aLa vida del espíritu (Nova)
_9181616
852 _aES-MaACL
_jE-6370
_bR.90433
999 _c56547
_d56547